| 000 | 00700 a2200181 4500 | ||
|---|---|---|---|
| 003 | Nust | ||
| 005 | 20170207154430.0 | ||
| 040 | _cNust | ||
| 082 | _a050 | ||
| 100 | _aMaj Gen Athar Abbas,HI(M) | ||
| 245 |
_aHilal September-2010 _cMaj Gen Athar Abbas,HI(M) |
||
| 250 | _a3,volume47 | ||
| 260 |
_aRawalpindi,Pakistan _bISPR Dte _cSeptember-2010 |
||
| 300 | _aEnglish-60 & Urdu-56p; | ||
| 505 | _aFrom the Editor’s desk (Page-3) Calendar September 2010 (page-4) Defence Special (page-5) Why Don’t We Lean from History? (page-45) Health Watch (Page-51) Miscellanea (Page-10) News, Update And Picture Gallery (Page-52) | ||
| 538 | _aAlmirah No.137 Shelf No.5 | ||
| 651 | _aPakistan Armed Forces Magazine | ||
| 942 | _cMAGS | ||
| 999 |
_c197594 _d197594 |
||